Лінгво-стилістичні особливості політичного дискурсу (на прикладі політичних промов Джорджа Буша та Барака Обами) (Запис № 284190)

МАРК-запис
000 -LEADER
fixed length control field 01793nam a22001577a 4500
041 ## - LANGUAGE CODE
Language code of text/sound track or separate title ukr
080 ## - UNIVERSAL DECIMAL CLASSIFICATION NUMBER
Universal Decimal Classification number 09
090 ## - LOCALLY ASSIGNED LC-TYPE CALL NUMBER (OCLC); LOCAL CALL NUMBER (OCLC)
Local cutter number (OCLC) ; Book number/undivided call number, CALL (RLIN) РОМ
100 ## - MAIN ENTRY--PERSONAL NAME
Personal name Романів А.Ю.
245 ## - TITLE STATEMENT
Title Лінгво-стилістичні особливості політичного дискурсу (на прикладі політичних промов Джорджа Буша та Барака Обами)
260 ## - PUBLICATION, DISTRIBUTION, ETC. (IMPRINT)
Place of publication, distribution, etc Острог
Name of publisher, distributor, etc КАФ
Date of publication, distribution, etc 2009
300 ## - PHYSICAL DESCRIPTION
Extent 53
520 ## - SUMMARY, ETC.
Summary, etc ВСТУП<br/>РОЗДІЛ 1 СУЧАСНІ ЛІНГВІСТИЧНІ ПІДХОДИ ДО ВИВЧЕННЯ ДИСКУРСУ<br/>1.1 Трактування дискурсу у вітчизняній науці.<br/>1.2 Трактування дискурсу у зарубіжній науці.<br/>1.3 Походження та розвиток дискурсу.<br/>1.4 Основні характеристики дискурсу.<br/>РОЗДІЛ 2 ЗАГАЛЬНА ХАРАКТЕРИСТИКА ПОЛІТИЧНОГО ДИСКУРСУ<br/>2.1 Функції політичного дискурсу.<br/>2.2 Взаємозвязок політичного дискурсу з іншими видами дискурсу.<br/>РОЗДІЛ 3 ЛІНГВО-СТИЛІСТИЧНИЙ АНАЛІЗ ПОЛІТИЧНИХ ПРОМОВ ДЖОРДЖА БУША<br/>3.1 Сучасні методи дослідження дискурсу.<br/>3.2 Складові елементи політичних промов.<br/>3.3 Лексичні та стилістичні особливості політичних промов Джорджа Буша.<br/>3.4 Лексико-стилістичні особливості промов Барака Обами.<br/>ВИСНОВКИ
-- дискурс,політичні промови,Джордж Буш
650 ## - SUBJECT ADDED ENTRY--TOPICAL TERM
Topical term or geographic name as entry element Research Papers
942 ## - ADDED ENTRY ELEMENTS (KOHA)
Koha item type Книги
Фонди
Withdrawn status Lost status Source of classification or shelving scheme Damaged status Not for loan Home library Current library Date acquired Source of acquisition Cost, normal purchase price Total Checkouts Full call number Barcode Date last seen Price effective from Koha item type
    Universal Decimal Classification     ВІЛ - Відділ іноземн. літератури НБ ВІЛ - Відділ іноземн. літератури НБ 16/04/2009 Акт №1 1.00   09 213440 15/12/2021 16/04/2009 Книги